Sudden Death - Nachbarländer Frankreichs - Statistiken

Allgemein
  • Dieses Quiz wurde 346 mal gespielt
  • Das Durchschnittsergebnis liegt bei 6 aus 8
Answers on the Grid
Answers color-coded by a green-red scale on the quiz's grid according to % correct below.
Andorra🇦🇩
Monaco🇲🇨
Belgien🇧🇪
Spanien🇪🇸
Luxemburg🇱🇺
Schweiz🇨🇭
Italien🇮🇹
Deutschland🇩🇪
Portugal🇵🇹
Niederlande🇳🇱
Österreich🇦🇹
Dänemark🇩🇰
Irland🇮🇪
Vereinigtes Königreich🇬🇧
Schweden🇸🇪
Slowenien🇸🇮
Polen🇵🇱
Norwegen🇳🇴
Tschechien🇨🇿
Lettland🇱🇻
 
Antwortstatistiken
Antwort % Korrekt
Deutschland🇩🇪
87%
Spanien🇪🇸
86%
Belgien🇧🇪
84%
Schweiz🇨🇭
82%
Luxemburg🇱🇺
79%
Andorra🇦🇩
77%
Monaco🇲🇨
77%
Italien🇮🇹
68%
Keine übereinstimmenden Quizze gefunden
Verteilung der Resultate
Anzahl Personen mit jedem Resultat
Perzentil nach korrekt beantworteten Fragen
Ihre Resultats-Entwicklung
Sie haben dieses Quiz noch nicht gespielt